000
00359nam a2200145Ia 4500
008
151213s9999 xx 000 0 und d
100
_a
E. M. Forster's
245
_a
A Passage of India
_c
E. M. Forster's
260
_a
London
_b
Rourttedge
_c
2002
300
_a
2197 p.
650
_a
English
650
_a
English
700
_a
E. M. Forster's
999
_c
1602
_d
1602